Cartilla Laboral / (Registro nro. 28651)

Detalles MARC
000 -LEADER
fixed length control field 01367nam a2200253Ia 4500
003 - CONTROL NUMBER IDENTIFIER
control field CO-CtgCURN
005 - DATE AND TIME OF LATEST TRANSACTION
control field 20250408231153.0
008 - FIXED-LENGTH DATA ELEMENTS--GENERAL INFORMATION
fixed length control field 190723s2016 xx 000 0 spa d
020 ## - INTERNATIONAL STANDARD BOOK NUMBER
International Standard Book Number 9789587673326
040 ## - CATALOGING SOURCE
Original cataloging agency CO-CtgCURN
Language of cataloging spa
Transcribing agency coctgcurn
082 ## - DEWEY DECIMAL CLASSIFICATION NUMBER
Classification number 344.01
Item number C327c
110 ## - MAIN ENTRY--CORPORATE NAME
Corporate name or jurisdiction name as entry element Legis
9 (RLIN) 4798
245 #0 - TITLE STATEMENT
Title Cartilla Laboral /
Statement of responsibility, etc. Legis
250 ## - EDITION STATEMENT
Edition statement 30 edición
260 ## - PUBLICATION, DISTRIBUTION, ETC.
Place of publication, distribution, etc. Bogotá, Colombia :
Name of publisher, distributor, etc. Legis,
Date of publication, distribution, etc. 2016
300 ## - PHYSICAL DESCRIPTION
Extent 261 páginas ;
Dimensions 27 centímetros
500 ## - GENERAL NOTE
General note Incluye índice
505 ## - FORMATTED CONTENTS NOTE
Formatted contents note 1. Sistema de protección social -- 2. Selección y contratación de personal -- 3. Intermediación laboral, empresas de servicios temporales y cooperativas de trabajo asociado -- 4. Obligaciones del empleador -- 5. Retención en la fuente para asalariados -- 6. Obligación de llevar libros de registros -- 7. Informes y reglamentos -- 8. Adopción de reglamentos -- 9. Salud y seguridad en el trabajo -- 10. Ministerio de trabajo -- 11. Salario -- 12. Prestaciones sociales --13. Terminación del contrato de trabajo -- 14. Trabajadores con regímenes especiales -- 15. Minutas, modelos y datos variables.
521 ## - TARGET AUDIENCE NOTE
Target audience note AREA PROFESIONAL
590 ## - LOCAL NOTE (RLIN)
Local note Programa de Derecho_18
650 ## - SUBJECT ADDED ENTRY--TOPICAL TERM
Topical term or geographic name entry element Derecho Laboral
Geographic subdivision Colombia
9 (RLIN) 4799
942 ## - ADDED ENTRY ELEMENTS (KOHA)
Koha item type Libros
Classification part 344.01
Item part C327c
Source of classification or shelving scheme Dewey Decimal Classification
Suppress in OPAC No
Existencias
Withdrawn status Lost status Source of classification or shelving scheme Damaged status Not for loan Collection Home library Current library Shelving location Date acquired Source of acquisition Inventory number Total checkouts Full call number Barcode Date last seen Copy number Price effective from Koha item type Public note
    Dewey Decimal Classification       Miguel Henríquez Castañeda Barranquilla Miguel Henríquez Castañeda Barranquilla General 05/23/2018 Compra OC-04-015-16 04349   344.01 C327c 04349 07/23/2019 ej.1 07/23/2019 Libros Compra OC-04-015-16 IP 2016